[Event "SWE-chT 1213"]
[Site "Sweden"]
[Date "2012.10.06"]
[Round "2"]
[White "Kinnmark, Ove"]
[Black "Lindberg, Bo"]
[Result "0-1"]
[WhiteElo "2272"]
[BlackElo "2464"]
[PlyCount "104"]
[EventDate "2012.10.05"]
[EventType "team-tourn"]
[EventRounds "9"]
[EventCountry "SWE"]
[SourceTitle "EXT 2014"]
[Source "ChessBase"]
[SourceDate "2013.11.20"]
[SourceVersion "1"]
[SourceVersionDate "2013.11.20"]
[SourceQuality "1"]
[WhiteTeam "Manhem"]
[BlackTeam "Viking"]
[WhiteTeamCountry "SWE"]
[BlackTeamCountry "SWE"]

1. e4 e5 2. Nf3 Nc6 3. Bb5 a6 4. Ba4 Nf6 5. 0-0 Be7 6. Re1 b5 7. Bb3 d6 8. c3 0-0 9. d4 Bg4 10. d5 Na5 11. Bc2 Qc8 12. Nbd2 c6 13. dxc6 Qxc6 14. h3 Be6 15. Nf1 Nc4 16. b3 Nb6 17. Bd2 Rfe8 18. Ng3 g6 19. Bd3 Qc7 20. Rc1 d5 21. Ng5 Bc5 22. Qf3 Nbd7 23. Nxe6 fxe6 24. Be3 Rf8 25. Qe2 Rad8 26. Bxc5 Qxc5 27. Bb1 Rc8 28. Qd2 Qb6 29. Re2 d4 30. Kh2 Qa5 31. c4 Qxd2 32. Rxd2 bxc4 33. bxc4 Nc5 34. f3 Rb8 35. Nh1 Nfd7 36. Nf2 Rb6 37. Bd3 Rfb8 38. Bf1 a5 39. Rcc2 a4 40. Be2 a3 41. Nd1 g5 42. g3 R8b7 43. Bf1 Na4 44. c5 Ndxc5 45. Kg2 Rb2 46. Rf2 d3 47. Rcd2 Rxd2 48. Rxd2 Rb2 49. Rf2 d2 50. Bc4 Rc2 51. Ne3 Rxc4 52. Rxd2 Rb4 0-1

[Event "SWE-chT 1213"]
[Site "Sweden"]
[Date "2012.10.05"]
[Round "1"]
[White "Kumar, Rahul"]
[Black "Kinnmark, Ove"]
[Result "1-0"]
[WhiteElo "2259"]
[BlackElo "2272"]
[PlyCount "105"]
[EventDate "2012.10.05"]
[EventType "team-tourn"]
[EventRounds "9"]
[EventCountry "SWE"]
[SourceTitle "EXT 2014"]
[Source "ChessBase"]
[SourceDate "2013.11.20"]
[SourceVersion "1"]
[SourceVersionDate "2013.11.20"]
[SourceQuality "1"]
[WhiteTeam "Orgryte"]
[BlackTeam "Manhem"]
[WhiteTeamCountry "SWE"]
[BlackTeamCountry "SWE"]

1. g3 e5 2. d3 d5 3. Nf3 Nc6 4. Bg2 Nf6 5. 0-0 Be7 6. c3 a5 7. a4 0-0 8. Qc2 h6 9. e4 Be6 10. Re1 dxe4 11. dxe4 Bc5 12. Be3 Bxe3 13. Rxe3 Qd6 14. Na3 Qc5 15. h3 Rfd8 16. Nb5 Na7 17. Nxa7 Rxa7 18. Qb1 Bb3 19. Re1 Ra6 20. Ra3 Rb6 21. Bf1 c6 22. Qc1 Be6 23. Qc2 Ne8 24. Rb1 f6 25. Qe2 Qxa3 26. bxa3 Rxb1 27. Qc2 Rdd1 28. Nd2 Rbc1 29. Qb2 Nd6 30. Kg2 b5 31. axb5 cxb5 32. a4 Nxe4 33. Nxe4 Rxf1 34. Qxb5 Bf5 35. Qe8+ Kh7 36. Nxf6+ gxf6 37. Qf7+ Kh8 38. Qxf6+ Kg8 39. Qxf5 Rg1+ 40. Kf3 Rxc3+ 41. Kg4 Rc7 42. Qxe5 Rg7+ 43. Kh4 Rg5 44. Qe6+ Kg7 45. g4 Rc1 46. f4 Rgc5 47. Qe7+ Kg8 48. f5 Rc7 49. Qe8+ Kg7 50. Qg6+ Kh8 51. f6 R1c6 52. Qe8+ Kh7 53. f7 1-0

[Event "SWE-chT 1011"]
[Site "Sweden"]
[Date "2010.12.04"]
[Round "5"]
[White "Penalver, Osmani"]
[Black "Kinnmark, Ove"]
[Result "1/2-1/2"]
[WhiteElo "2264"]
[BlackElo "2266"]
[PlyCount "175"]
[EventDate "2010.10.08"]
[EventType "team-tourn"]
[EventRounds "11"]
[EventCountry "SWE"]
[SourceTitle "EXT 2012"]
[Source "ChessBase"]
[SourceDate "2011.11.24"]
[SourceVersion "1"]
[SourceVersionDate "2011.11.24"]
[SourceQuality "1"]
[WhiteTeam "Limhamn"]
[BlackTeam "Manhem"]
[WhiteTeamCountry "SWE"]
[BlackTeamCountry "SWE"]

1. d4 Nf6 2. c4 e6 3. Nc3 Bb4 4. f3 d5 5. a3 Bxc3+ 6. bxc3 c5 7. cxd5 Nxd5 8. Qd3 0-0 9. e4 Nf6 10. Be3 Qa5 11. dxc5 Na6 12. Qc4 e5 13. Kf2 Bd7 14. Qb3 Rab8 15. Bc4 Ba4 16. Qb2 Nd7 17. Rb1 Naxc5 18. h4 Qc7 19. Qa2 b5 20. Be2 a5 21. h5 h6 22. g4 Rb6 23. g5 hxg5 24. Bxg5 Nf6 25. Rh4 Nh7 26. Be3 Qe7 27. Rh2 Rd8 28. Kg2 Rbb8 29. Nh3 Nd3 30. Kh1 Rbc8 31. Rg1 Kh8 32. Ng5 Nxg5 33. Bxg5 f6 34. Bd2 Nf4 35. Bf1 Rc7 36. c4 bxc4 37. Bxa5 c3 38. Bc4 c2 39. Bxc7 Qxc7 40. Rxc2 Bxc2 41. Qxc2 Rc8 42. Rc1 Qd7 43. Kg1 Qd4+ 44. Kf1 Qd7 45. Kg1 Qa7+ 46. Kf1 Qxa3 47. Qc3 Qxc3 48. Rxc3 Nxh5 49. Rc2 g6 50. Bb3 Rxc2 51. Bxc2 Kg7 52. Kf2 Kh6 53. Bb3 Kg5 54. Bc4 Nf4 55. Kg3 f5 56. exf5 gxf5 57. Bb5 Nh5+ 58. Kf2 Kf4 59. Be8 Nf6 60. Bc6 Nh7 61. Bb7 Nf8 62. Bc8 Ng6 63. Ba6 e4 64. fxe4 fxe4 65. Ke2 e3 66. Bb7 Ne7 67. Ba6 Nf5 68. Bb7 Nd4+ 69. Ke1 Kg3 70. Be4 Kf4 71. Bb7 Ke5 72. Bh1 Kd6 73. Be4 Kc5 74. Bh7 Kc4 75. Bg8+ Kc3 76. Bh7 Ne6 77. Ke2 Kd4 78. Ke1 Ng5 79. Bf5 Nf3+ 80. Ke2 Ng1+ 81. Ke1 Ke5 82. Bc8 Ke4 83. Bb7+ Kd4 84. Bc8 Nf3+ 85. Ke2 Ng1+ 86. Ke1 e2 87. Bg4 Ke3 88. Bxe2 1/2-1/2

[Event "SWE-chT 1011"]
[Site "Sweden"]
[Date "2010.11.14"]
[Round "4"]
[White "Madebrink, Lars"]
[Black "Kinnmark, Ove"]
[Result "1/2-1/2"]
[WhiteElo "2247"]
[BlackElo "2266"]
[PlyCount "30"]
[EventDate "2010.10.08"]
[EventType "team-tourn"]
[EventRounds "11"]
[EventCountry "SWE"]
[SourceTitle "CBM 138 Extra"]
[Source "ChessBase"]
[SourceDate "2010.10.29"]
[SourceVersion "1"]
[SourceVersionDate "2010.10.29"]
[SourceQuality "1"]
[WhiteTeam "Kamraterna"]
[BlackTeam "Manhem"]
[WhiteTeamCountry "SWE"]
[BlackTeamCountry "SWE"]

1. Nf3 Nf6 2. c4 e6 3. g3 d5 4. Bg2 Be7 5. 0-0 0-0 6. d4 dxc4 7. Ne5 Nc6 8. Nxc6 bxc6 9. Bxc6 Rb8 10. Bg2 Nd5 11. Nc3 Qd7 12. Ne4 Rd8 13. Nc5 Qb5 14. Na4 Qd7 15. Nc5 Qb5 1/2-1/2

[Event "SWE-chT 0910"]
[Site "Sweden"]
[Date "2010.03.14"]
[Round "11"]
[White "Lindberg, Henrik"]
[Black "Kinnmark, Ove"]
[Result "1/2-1/2"]
[WhiteElo "2245"]
[BlackElo "2285"]
[PlyCount "29"]
[EventDate "2009.10.16"]
[EventType "team"]
[EventRounds "11"]
[EventCountry "SWE"]
[SourceTitle "EXT 2011"]
[Source "ChessBase"]
[SourceDate "2010.11.26"]
[SourceVersion "1"]
[SourceVersionDate "2010.11.26"]
[SourceQuality "1"]
[WhiteTeam "Upsala"]
[BlackTeam "Manhem"]
[WhiteTeamCountry "SWE"]
[BlackTeamCountry "SWE"]

1. e4 d5 2. exd5 Qxd5 3. Nc3 Qd8 4. d4 g6 5. Bf4 Bg7 6. Qd2 Nf6 7. Nf3 0-0 8. 0-0-0 c6 9. Bh6 Bf5 10. Bxg7 Kxg7 11. Bd3 Bg4 12. Be2 Nbd7 13. Ne5 Bxe2 14. Qxe2 Nb6 15. Rhe1 1/2-1/2

[Event "SWE-chT 0910"]
[Site "Sweden"]
[Date "2009.10.18"]
[Round "3"]
[White "Soderberg, Per"]
[Black "Kinnmark, Ove"]
[Result "1/2-1/2"]
[WhiteElo "2224"]
[BlackElo "2285"]
[PlyCount "56"]
[EventDate "2009.10.16"]
[EventType "team"]
[EventRounds "11"]
[EventCountry "SWE"]
[SourceTitle "EXT 2011"]
[Source "ChessBase"]
[SourceDate "2010.11.26"]
[SourceVersion "1"]
[SourceVersionDate "2010.11.26"]
[SourceQuality "1"]
[WhiteTeam "Wasa"]
[BlackTeam "Manhem"]
[WhiteTeamCountry "SWE"]
[BlackTeamCountry "SWE"]

1. e4 d5 2. exd5 Qxd5 3. Nc3 Qd6 4. d4 Nf6 5. Bc4 a6 6. Nf3 Bg4 7. Be3 e6 8. h3 Bxf3 9. Qxf3 c6 10. 0-0-0 Nd5 11. Bxd5 cxd5 12. Bf4 Qd8 13. Qg3 Nc6 14. Rhe1 Rc8 15. Kb1 g6 16. Be5 Rg8 17. Qf3 Be7 18. g4 Kf8 19. Qe3 Nxe5 20. Qxe5 Bd6 21. Qe3 Bb4 22. Rd3 Qa5 23. Qh6+ Rg7 24. Ree3 Qc7 25. Rf3 b5 26. Qc1 Rg8 27. Qh6+ Rg7 28. Qc1 Rg8 1/2-1/2

[Event "SWE-chT 0910"]
[Site "Sweden"]
[Date "2009.10.17"]
[Round "2"]
[White "Kinnmark, Ove"]
[Black "Lindberg, Bo"]
[Result "0-1"]
[WhiteElo "2285"]
[BlackElo "2354"]
[PlyCount "82"]
[EventDate "2009.10.16"]
[EventType "team"]
[EventRounds "11"]
[EventCountry "SWE"]
[SourceTitle "EXT 2011"]
[Source "ChessBase"]
[SourceDate "2010.11.26"]
[SourceVersion "1"]
[SourceVersionDate "2010.11.26"]
[SourceQuality "1"]
[WhiteTeam "Manhem"]
[BlackTeam "Viking"]
[WhiteTeamCountry "SWE"]
[BlackTeamCountry "SWE"]

1. e4 Nc6 2. Nf3 e5 3. Bb5 a6 4. Ba4 Nf6 5. d3 b5 6. Bb3 Be7 7. 0-0 Bb7 8. c3 0-0 9. Qe2 d5 10. Re1 Qd7 11. Nbd2 Rad8 12. Bc2 Rfe8 13. Nf1 d4 14. Ng3 g6 15. a3 Bf8 16. h3 Bg7 17. cxd4 Nxd4 18. Nxd4 exd4 19. Qf3 Qe6 20. Bd2 c5 21. Rac1 c4 22. Bb1 Nd7 23. Qe2 Nc5 24. Rcd1 Rc8 25. Bf4 h5 26. f3 Qf6 27. Bc1 Bd5 28. Qf2 Be6 29. f4 h4 30. Nf1 Nb3 31. Nh2 Bh6 32. Rf1 Nxc1 33. Rxc1 c3 34. Ng4 Bxg4 35. hxg4 g5 36. Ba2 gxf4 37. Bd5 f3 38. g5 Bxg5 39. Kh1 Bxc1 40. Rxc1 cxb2 41. Qxb2 Rxc1+ 0-1

[Event "SWE-chT 0809"]
[Site "Sweden"]
[Date "2008.12.05"]
[Round "3"]
[White "Lindeman, Sven"]
[Black "Kinnmark, Ove"]
[Result "1/2-1/2"]
[WhiteElo "2212"]
[BlackElo "2256"]
[PlyCount "82"]
[EventDate "2008.10.25"]
[EventType "team-tourn"]
[EventRounds "11"]
[EventCountry "SWE"]
[SourceTitle "EXT 2011"]
[Source "ChessBase"]
[SourceDate "2010.11.26"]
[SourceVersion "1"]
[SourceVersionDate "2010.11.26"]
[SourceQuality "1"]

1. e4 e5 2. Nf3 Nc6 3. Bb5 a6 4. Ba4 Nf6 5. 0-0 Be7 6. Re1 b5 7. Bb3 d6 8. c3 0-0 9. h3 Nb8 10. d4 Nbd7 11. Nbd2 Bb7 12. Bc2 Re8 13. Nf1 Bf8 14. Ng3 g6 15. b3 a5 16. a4 c6 17. Bd3 bxa4 18. Rxa4 Ba6 19. Bc2 c5 20. dxe5 dxe5 21. c4 Bb7 22. Bg5 Bc6 23. Ra3 Qc7 24. Qc1 Kh8 25. Bd2 a4 26. Bc3 axb3 27. Rxa8 Bxa8 28. Bxb3 Bg7 29. Ba4 Bc6 30. Qc2 h6 31. Nd2 Ra8 32. Bxc6 Qxc6 33. Ngf1 Nh5 34. Ne3 Nf8 35. Nf3 f6 36. Nd5 Kh7 37. Rb1 Ra6 38. Qb3 Ne6 39. Qb8 Ra8 40. Qb5 Ra6 41. Qb8 Ra8 1/2-1/2

[Event "SWE-chT 0607"]
[Site "Sweden"]
[Date "2007.03.16"]
[Round "9"]
[White "Kinnmark, Ove"]
[Black "Nilsson, Andre"]
[Result "1/2-1/2"]
[WhiteElo "2264"]
[BlackElo "2309"]
[PlyCount "48"]
[EventDate "2006.10.20"]
[EventType "team"]
[EventRounds "11"]
[EventCountry "SWE"]
[SourceTitle "EXT 2009"]
[Source "ChessBase"]
[SourceDate "2008.11.26"]
[SourceVersion "1"]
[SourceVersionDate "2008.11.26"]
[SourceQuality "1"]
[WhiteTeam "Manhem"]
[BlackTeam "Vasteras"]
[WhiteTeamCountry "SWE"]
[BlackTeamCountry "SWE"]

1. Nf3 g6 2. e4 Bg7 3. d4 d6 4. h3 Nf6 5. Nc3 0-0 6. Bg5 c6 7. a4 Nbd7 8. Be2 e5 9. 0-0 h6 10. Be3 Qe7 11. dxe5 dxe5 12. Qc1 Kh7 13. Nd2 Nc5 14. a5 Ne6 15. Na4 Nd7 16. Re1 Ndc5 17. b3 Nxa4 18. Rxa4 Re8 19. c3 Bf6 20. Ra2 Bg5 21. Nc4 Nf4 22. Bf1 Be6 23. Rd2 Bxc4 24. Bxc4 Ne6 1/2-1/2

[Event "SWE-chT 0607"]
[Site "Sweden"]
[Date "2007.03.03"]
[Round "8"]
[White "Thornert, Hakan"]
[Black "Kinnmark, Ove"]
[Result "1/2-1/2"]
[WhiteElo "2232"]
[BlackElo "2264"]
[PlyCount "77"]
[EventDate "2006.10.20"]
[EventType "team"]
[EventRounds "11"]
[EventCountry "SWE"]
[SourceTitle "EXT 2009"]
[Source "ChessBase"]
[SourceDate "2008.11.26"]
[SourceVersion "1"]
[SourceVersionDate "2008.11.26"]
[SourceQuality "1"]
[WhiteTeam "Eksjo"]
[BlackTeam "Manhem"]
[WhiteTeamCountry "SWE"]
[BlackTeamCountry "SWE"]

1. e4 d5 2. exd5 Qxd5 3. Nc3 Qd6 4. d4 Nf6 5. Bc4 c6 6. Nge2 Bf5 7. 0-0 e6 8. Bf4 Qd8 9. Ng3 Bg6 10. Re1 Be7 11. h4 h5 12. Nce4 Nxe4 13. Nxe4 Bxe4 14. Rxe4 Nd7 15. Be5 Nxe5 16. Rxe5 Bxh4 17. c3 Bf6 18. Rxh5 Rxh5 19. Qxh5 g6 20. Qf3 Qe7 21. a4 a5 22. Re1 Kf8 23. g3 Kg7 24. Kg2 Rh8 25. Qe4 Qd7 26. Rh1 Rxh1 27. Kxh1 Qd6 28. Kg2 e5 29. dxe5 Bxe5 30. Qf3 Bf6 31. Qe2 Qd7 32. Qe3 b5 33. axb5 cxb5 34. Qd3 Qxd3 35. Bxd3 b4 36. cxb4 axb4 37. b3 Bc3 38. Kf3 f5 39. g4 1/2-1/2

[Event "SWE-chT 0607"]
[Site "Sweden"]
[Date "2006.11.19"]
[Round "5"]
[White "Fransson, Jorgen"]
[Black "Kinnmark, Ove"]
[Result "1/2-1/2"]
[WhiteElo "2126"]
[BlackElo "2264"]
[PlyCount "81"]
[EventDate "2006.10.20"]
[EventType "team"]
[EventRounds "11"]
[EventCountry "SWE"]
[SourceTitle "EXT 2009"]
[Source "ChessBase"]
[SourceDate "2008.11.26"]
[SourceVersion "1"]
[SourceVersionDate "2008.11.26"]
[SourceQuality "1"]
[WhiteTeam "Linkoping"]
[BlackTeam "Manhem"]
[WhiteTeamCountry "SWE"]
[BlackTeamCountry "SWE"]

1. d4 Nf6 2. Nf3 e6 3. c4 Bb4+ 4. Nbd2 0-0 5. a3 Bxd2+ 6. Qxd2 d6 7. e3 Qe7 8. Be2 e5 9. Qc2 Bg4 10. d5 c6 11. dxc6 Nxc6 12. 0-0 Rac8 13. Qd1 Rfd8 14. b4 a5 15. Bd2 b6 16. Qe1 Ra8 17. h3 Bh5 18. bxa5 Nxa5 19. Bxa5 Rxa5 20. Qb4 Qc7 21. Rab1 Rb8 22. Rfd1 Ne4 23. Rb2 h6 24. Rdb1 Rba8 25. Qxb6 Qxb6 26. Rxb6 Rxa3 27. g4 Bg6 28. Bf1 Ra1 29. Bd3 R8a3 30. Rxa1 Rxa1+ 31. Kg2 Rc1 32. Nh4 Rc3 33. Bxe4 Bxe4+ 34. f3 Bc2 35. Rxd6 Rxc4 36. Rd8+ Kh7 37. Rd7 Bg6 38. Re7 f6 39. Nxg6 Kxg6 40. Kg3 Rc3 41. e4 1/2-1/2

[Event "SWE-chT 0607"]
[Site "Sweden"]
[Date "2006.10.22"]
[Round "3"]
[White "Kinnmark, Ove"]
[Black "Hedman, Erik"]
[Result "0-1"]
[WhiteElo "2264"]
[BlackElo "2410"]
[PlyCount "86"]
[EventDate "2006.10.20"]
[EventType "team"]
[EventRounds "11"]
[EventCountry "SWE"]
[SourceTitle "EXT 2009"]
[Source "ChessBase"]
[SourceDate "2008.11.26"]
[SourceVersion "1"]
[SourceVersionDate "2008.11.26"]
[SourceQuality "1"]
[WhiteTeam "Manhem"]
[BlackTeam "Stockholm Rockaden"]
[WhiteTeamCountry "SWE"]
[BlackTeamCountry "SWE"]

1. e4 e6 2. d3 d5 3. Nd2 Nf6 4. Ngf3 b6 5. g3 dxe4 6. dxe4 Bb7 7. Bd3 Nc6 8. a3 e5 9. 0-0 Bd6 10. Qe2 0-0 11. c3 a5 12. a4 Nb8 13. Re1 Nbd7 14. Nh4 Nc5 15. Bc2 Qd7 16. b3 Qh3 17. f3 Ba6 18. Nc4 Qe6 19. Nf5 Bxc4 20. bxc4 Nb7 21. Kg2 Bc5 22. Be3 Bd6 23. Bf2 Bc5 24. Red1 Rfd8 25. Bxc5 Nxc5 26. Ne3 Rxd1 27. Rxd1 Qe8 28. Ra1 g6 29. Nd5 Nxd5 30. cxd5 Qe7 31. Bd3 h5 32. Bb5 h4 33. Qf2 Kg7 34. Rd1 Rh8 35. g4 Rd8 36. Qe3 Ne6 37. Kf2 Nf4 38. Rc1 Qa3 39. Qd2 c6 40. Bf1 cxd5 41. Rb1 Rd6 42. Qc1 Qc5+ 43. Qe3 d4 0-1

[Event "EU-chT Seniors 08th"]
[Site "Dresden"]
[Date "2006.02.24"]
[Round "8"]
[White "Eskandary, Jahja"]
[Black "Kinnmark, Ove"]
[Result "1/2-1/2"]
[WhiteElo "2159"]
[BlackElo "2328"]
[PlyCount "31"]
[EventDate "2006.02.17"]
[EventType "team-swiss"]
[EventRounds "8"]
[EventCountry "GER"]
[SourceTitle "CBM 111 Extra"]
[Source "ChessBase"]
[SourceDate "2006.05.09"]
[SourceVersion "1"]
[SourceVersionDate "2006.05.09"]
[SourceQuality "1"]
[WhiteTeam "Dresden Lokomotiv"]
[BlackTeam "Sweden"]
[WhiteTeamCountry "GER"]
[BlackTeamCountry "SWE"]

1. e4 e5 2. Nc3 Nc6 3. Bc4 Nf6 4. d3 Na5 5. Nge2 Nxc4 6. dxc4 Bc5 7. 0-0 d6 8. Qd3 Be6 9. a3 a5 10. b3 h6 11. Bd2 g5 12. Ng3 Nd7 13. Nd5 h5 14. Ne3 Qf6 15. Nd5 Qd8 16. Ne3 1/2-1/2

[Event "EU-chT Seniors 08th"]
[Site "Dresden"]
[Date "2006.02.17"]
[Round "1"]
[White "Kinnmark, Ove"]
[Black "Lomer, Edmund"]
[Result "1-0"]
[WhiteElo "2328"]
[BlackElo "2143"]
[PlyCount "53"]
[EventDate "2006.02.17"]
[EventType "team-swiss"]
[EventRounds "8"]
[EventCountry "GER"]
[SourceTitle "CBM 111 Extra"]
[Source "ChessBase"]
[SourceDate "2006.05.09"]
[SourceVersion "1"]
[SourceVersionDate "2006.05.09"]
[SourceQuality "1"]
[WhiteTeam "Sweden"]
[BlackTeam "Schleswig Holstein"]
[WhiteTeamCountry "SWE"]
[BlackTeamCountry "GER"]

1. e4 d5 2. exd5 Qxd5 3. Nc3 Qa5 4. d4 c6 5. Bc4 Nf6 6. Nge2 Bg4 7. f3 Bh5 8. 0-0 e6 9. Bf4 Be7 10. Qd2 0-0 11. Nd5 Bd8 12. Nxf6+ gxf6 13. b4 Qb6 14. Bh6 Re8 15. g4 Bg6 16. h4 a5 17. h5 axb4 18. hxg6 hxg6 19. Be3 Be7 20. Kg2 c5 21. Rh1 g5 22. Qd3 Bd6 23. d5 e5 24. Qf5 Qd8 25. Bb5 e4 26. Bxe8 exf3+ 27. Kxf3 1-0

[Event "SWE-chB"]
[Site "Gothenburg"]
[Date "2004.07.19"]
[Round "9"]
[White "Edlund, Robin"]
[Black "Kinnmark, Ove"]
[Result "1/2-1/2"]
[WhiteElo "2237"]
[BlackElo "2340"]
[PlyCount "135"]
[EventDate "2004.07.10"]
[EventType "tourn"]
[EventRounds "13"]
[EventCountry "SWE"]
[EventCategory "1"]
[SourceTitle "CBM 101 Extra"]
[Source "ChessBase"]
[SourceDate "2004.09.01"]
[SourceVersion "2"]
[SourceVersionDate "2004.09.01"]
[SourceQuality "1"]

1. e4 e5 2. f4 exf4 3. Nf3 d5 4. exd5 Nf6 5. c4 b5 6. Nc3 bxc4 7. Bxc4 Bd6 8. Qe2+ Qe7 9. Qxe7+ Kxe7 10. d4 Nbd7 11. 0-0 Nb6 12. Re1+ Kf8 13. Bb3 Bb7 14. Ne5 g5 15. g3 Rg8 16. Bd2 Nbxd5 17. Nxd5 Bxd5 18. Bxd5 Nxd5 19. gxf4 gxf4+ 20. Kf2 f6 21. Nd3 Rg4 22. Kf3 Rh4 23. Nf2 Kf7 24. Rg1 Rb8 25. b3 Re8 26. Rac1 Rxh2 27. Rh1 Rxh1 28. Rxh1 Kg6 29. Nd3 h5 30. Bxf4 Bxf4 31. Nxf4+ Nxf4 32. Kxf4 Re2 33. Rg1+ Kh6 34. Rc1 Rxa2 35. Rxc7 h4 36. Kg4 Rd2 37. Kxh4 Rxd4+ 38. Kg3 a5 39. Rc5 a4 40. bxa4 Rxa4 41. Kf3 Kg6 42. Rb5 Ra1 43. Rb3 Kg5 44. Rb5+ f5 45. Rb3 Rf1+ 46. Kg2 Rf4 47. Kg3 Rg4+ 48. Kf2 Rh4 49. Ra3 Rh2+ 50. Kg1 Rb2 51. Kf1 Kg4 52. Rc3 f4 53. Ra3 Rh2 54. Rb3 Rh1+ 55. Kf2 Rh2+ 56. Kf1 Rc2 57. Ra3 Rd2 58. Rb3 Rd4 59. Ra3 Rb4 60. Rc3 f3 61. Rc8 Re4 62. Kf2 Re2+ 63. Kf1 Re5 64. Kf2 Re2+ 65. Kf1 Re4 66. Kf2 Re2+ 67. Kf1 Re4 68. Kf2 1/2-1/2

[Event "SWE-chB"]
[Site "Gothenburg"]
[Date "2004.07.14"]
[Round "5"]
[White "Astrom, Goran"]
[Black "Kinnmark, Ove"]
[Result "1/2-1/2"]
[WhiteElo "2331"]
[BlackElo "2340"]
[PlyCount "45"]
[EventDate "2004.07.10"]
[EventType "tourn"]
[EventRounds "13"]
[EventCountry "SWE"]
[EventCategory "1"]
[SourceTitle "CBM 101 Extra"]
[Source "ChessBase"]
[SourceDate "2004.09.01"]
[SourceVersion "2"]
[SourceVersionDate "2004.09.01"]
[SourceQuality "1"]

1. e4 e5 2. Nf3 Nc6 3. Bb5 a6 4. Ba4 Nf6 5. 0-0 Be7 6. Re1 b5 7. Bb3 d6 8. c3 0-0 9. h3 h6 10. d4 Re8 11. Nbd2 Bf8 12. Bc2 Bb7 13. Nf1 exd4 14. cxd4 Nb4 15. Ng3 Nxc2 16. Qxc2 d5 17. e5 Ne4 18. Be3 Rc8 19. Rad1 Re6 20. Qb1 Rg6 21. Kh2 a5 22. Ne2 a4 23. Nf4 1/2-1/2

[Event "SWE-chB"]
[Site "Gothenburg"]
[Date "2004.07.12"]
[Round "3"]
[White "Kinnmark, Ove"]
[Black "Nygren, Kim"]
[Result "1-0"]
[WhiteElo "2340"]
[BlackElo "2249"]
[PlyCount "81"]
[EventDate "2004.07.10"]
[EventType "tourn"]
[EventRounds "13"]
[EventCountry "SWE"]
[EventCategory "1"]
[SourceTitle "CBM 101 Extra"]
[Source "ChessBase"]
[SourceDate "2004.09.01"]
[SourceVersion "2"]
[SourceVersionDate "2004.09.01"]
[SourceQuality "1"]

1. e4 Nf6 2. e5 Nd5 3. d4 d6 4. c4 Nb6 5. exd6 cxd6 6. h3 g6 7. Nf3 Bg7 8. Be2 0-0 9. 0-0 Nc6 10. Nc3 Bf5 11. Bg5 Re8 12. b3 Qd7 13. Rc1 d5 14. c5 Nc8 15. Bb5 f6 16. Be3 Be6 17. Qd2 Bf7 18. b4 e5 19. Ba4 e4 20. Nh2 a6 21. Rb1 N8e7 22. Rb2 Nf5 23. Rfb1 Nh4 24. b5 axb5 25. Rxb5 Rxa4 26. Nxa4 Nd8 27. Ra5 Qf5 28. Nc3 h5 29. Qe2 g5 30. Ra8 Kh7 31. Rb6 Rg8 32. Rd6 Nc6 33. Rxg8 Kxg8 34. g4 Qg6 35. Nxd5 Nf3+ 36. Nxf3 exf3 37. Qxf3 Qb1+ 38. Kh2 Bg6 39. Nxf6+ Bxf6 40. Rxf6 Ne7 41. Rf8+ 1-0

[Event "SWE-chT 0304"]
[Site "Sweden"]
[Date "2004.??.??"]
[Round "6"]
[White "Kinnmark, Ove"]
[Black "Hillarp Persson, Tiger"]
[Result "0-1"]
[WhiteElo "2324"]
[BlackElo "2558"]
[PlyCount "86"]
[EventDate "2003.10.??"]
[EventType "team"]
[EventRounds "11"]
[EventCountry "SWE"]
[SourceTitle "EXT 2005"]
[Source "ChessBase"]
[SourceDate "2004.11.15"]
[SourceVersion "1"]
[SourceVersionDate "2004.11.15"]
[SourceQuality "1"]
[WhiteTeam "Manhem"]
[BlackTeam "Skara"]
[WhiteTeamCountry "SWE"]
[BlackTeamCountry "SWE"]

1. e4 g6 2. d4 Bg7 3. Nf3 d6 4. a4 Nf6 5. Nc3 0-0 6. Be2 Nc6 7. d5 Nb4 8. 0-0 e6 9. a5 h6 10. h3 Re8 11. dxe6 Bxe6 12. Ra4 c5 13. Ra3 a6 14. Be3 Nc6 15. Qa1 Qc7 16. Rd1 Rad8 17. Bf1 g5 18. Qc1 Ne7 19. h4 g4 20. Ne1 Kh7 21. Nd3 Ng6 22. g3 Bd7 23. Nd5 Nxd5 24. exd5 Bf5 25. h5 Ne5 26. Nxe5 Rxe5 27. Bf4 Ree8 28. Bd3 Bxd3 29. Rdxd3 Qd7 30. Re3 Qf5 31. Qd2 Qxh5 32. Rab3 Rxe3 33. Qxe3 Qxd5 34. Qe7 Qd1+ 35. Kg2 Qxc2 36. Rxb7 Rf8 37. Be3 Qf5 38. Rd7 Be5 39. Ra7 Rb8 40. Qh4 Qg6 41. Qe7 Kg7 42. Bxc5 Rxb2 43. Bxd6 Qe4+ 0-1

[Event "SWE-chT 0203"]
[Site "Sweden"]
[Date "2003.03.16"]
[Round "11"]
[White "Kinnmark, Ove"]
[Black "Lennart, Werner"]
[Result "1-0"]
[WhiteElo "2364"]
[BlackElo "2206"]
[PlyCount "57"]
[EventDate "2002.10.11"]
[EventType "team"]
[EventRounds "11"]
[EventCountry "SWE"]
[SourceTitle "EXT 2004"]
[Source "ChessBase"]
[SourceDate "2003.11.25"]
[SourceVersion "1"]
[SourceVersionDate "2003.11.25"]
[SourceQuality "1"]
[WhiteTeam "Manhem"]
[BlackTeam "Sodra"]
[WhiteTeamCountry "SWE"]
[BlackTeamCountry "SWE"]

1. e4 c5 2. Nf3 Nc6 3. Bb5 g6 4. 0-0 Bg7 5. c3 e5 6. d3 Nge7 7. Be3 Qb6 8. Na3 0-0 9. b4 d6 10. bxc5 dxc5 11. Rb1 a6 12. Nc4 Qc7 13. Bxc6 Qxc6 14. Nb6 Rb8 15. Qa4 Rd8 16. Qa3 Be6 17. Bxc5 Nc8 18. d4 exd4 19. Nxd4 Bxd4 20. Bxd4 Qxe4 21. Rfe1 Qf5 22. Nxc8 Rdxc8 23. Rb2 b5 24. Rbe2 Rc6 25. Qe7 Rbc8 26. Re5 R6c7 27. Qh4 Qg4 28. Qf6 h5 29. Rxh5 1-0

[Event "SWE-chT 0203"]
[Site "Sweden"]
[Date "2003.02.08"]
[Round "7"]
[White "Kinnmark, Ove"]
[Black "Niklasson, Christer"]
[Result "1/2-1/2"]
[WhiteElo "2364"]
[BlackElo "2375"]
[PlyCount "38"]
[EventDate "2002.10.11"]
[EventType "team"]
[EventRounds "11"]
[EventCountry "SWE"]
[SourceTitle "EXT 2004"]
[Source "ChessBase"]
[SourceDate "2003.11.25"]
[SourceVersion "1"]
[SourceVersionDate "2003.11.25"]
[SourceQuality "1"]
[WhiteTeam "Manhem"]
[BlackTeam "Lund"]
[WhiteTeamCountry "SWE"]
[BlackTeamCountry "SWE"]

1. e4 c5 2. Nf3 e6 3. Nc3 a6 4. d4 cxd4 5. Nxd4 Qc7 6. g3 Nf6 7. Bg2 Be7 8. 0-0 Nc6 9. h3 d6 10. Be3 0-0 11. a4 Rb8 12. Qe2 Bd7 13. Rfe1 Nxd4 14. Bxd4 Bc6 15. e5 Nd7 16. exd6 Qxd6 17. Bxc6 Qxc6 18. Rad1 Rfd8 19. Rd3 Nc5 1/2-1/2